Follow That Line: Aladdin Quiz Stats

 Plays Quiz Updated Nov 8, 2017

Challenge
Share
Tweet
Embed
Score 0/30 Timer 14:00
4 Plays Today
% Correct
You idiots. We've all got swords!
89.5%
And only your fleas will mourn you.
84.9%
Psst. Your line is 'I'm going to free the Genie.'
84.8%
And the finest merchandise this side of the river Jordan, on sale today, come on down.
83.2%
Wonderful, magnificent, glorious, punctual!
82.3%
It's not a pretty picture. I don't like doing it.
82.3%
These patches. What are we trying to say? Beggar?
80.7%
I'll take that as a yes.
78.4%
Next time gonna use a nom de plume.
78.2%
Well you do kinda stand out.
77.4%
Itty bitty living space.
76.8%
Ecstatic.
76.7%
Great!
76.3%
Allah forbid you should have any daughters.
73.3%
But you're so old.
72.6%
% Correct
Yes, O Mighty Evil One!
71.6%
Tonight the part of Al will be played by a tall dark and sinister ugly man.
70%
Not that I want to pick out curtains or anything.
69%
FRESH FISH! WE CATCH EM YOU BUY EM!
68.8%
And I absolutely love the way he dresses.
68%
Who sent those goons to their lords?
66.1%
A fine quality in a wife.
65.9%
And then I stuff the crackers down his throat.
65.4%
Read my lips and come to grips with reality.
62.9%
Out there on the dunes.
60.7%
No way!
59.7%
You'll get what's coming to you.
57%
Oh, there's a big surprise!
56.4%
Why am I not surprised?
53.9%
I'm here to answer all your midday prayers.
50%

You're not logged in!

Compare scores with friends on all Sporcle quizzes.
OR
Log In

You Might Also Like...

Show Comments

Extras

Top Quizzes Today


Score Distribution

Your Account Isn't Verified!

In order to create a playlist on Sporcle, you need to verify the email address you used during registration. Go to your Sporcle Settings to finish the process.

Report this User

Report this user for behavior that violates our Community Guidelines.

Details: